| 000 | 01221nam a2200289 4500 | ||
|---|---|---|---|
| 001 | 0000018075 | ||
| 003 | CO-CtgCURN | ||
| 005 | 20250429224006.0 | ||
| 008 | 160627s1998 000 0 eng d | ||
| 020 | _a9682455278 | ||
| 040 |
_aCO-CtgCURN _bspa _ccoctgcurn |
||
| 082 | 0 |
_a370.7122 _bE597 |
|
| 245 | 0 | 4 |
_aLas experiencias clave de Hing Scope para el nivel prescolar : _bcompedio de lecturas / _ccompilador, Roberto Barocio , traducción Leticia Ortíz, Revision Leticia Ortíz, Ma. Eugenia Ramírez. |
| 260 |
_aMexico : _bTrillas, _c1998. |
||
| 300 | _a82 p. | ||
| 336 | _2rdacontent | ||
| 337 |
_2rdamedia _asin mediacion _bn |
||
| 338 |
_2rdacarrier _avolumen _bnc |
||
| 500 | _aTitulo original: The high scopes key experiences for the preeschool level. | ||
| 504 | _aBibliografia (p. 81-82 ) | ||
| 505 | 8 | _aExperiencias claves para apoyar las habilidades y capacidades de los niños pequeños.--Desarrollo social en el programa de Hing Scope.--Musica y movimiento durante la rutina diaria | |
| 650 | 0 | _aEducación preescolar. | |
| 700 | 1 | _aBarocio, Roberto. | |
| 908 | _a160627 | ||
| 942 |
_cBK _h370.7122 _iE597 _2ddc |
||
| 999 |
_c34552 _d34552 _x1 |
||